The guilty / (Record no. 529772)

000 -LEADER
fixed length control field 02719cam a2200649 i 4500
001 - CONTROL NUMBER
control field 19423900
003 - CONTROL NUMBER IDENTIFIER
control field NUST
005 - DATE AND TIME OF LATEST TRANSACTION
control field 20220315161542.0
007 - PHYSICAL DESCRIPTION FIXED FIELD--GENERAL INFORMATION
fixed length control field sd fsngnnmmned
008 - FIXED-LENGTH DATA ELEMENTS--GENERAL INFORMATION
fixed length control field 161230t20162015nyunnn|e f | eng
010 ## - LIBRARY OF CONGRESS CONTROL NUMBER
LC control number 2016611164
020 ## - INTERNATIONAL STANDARD BOOK NUMBER
International Standard Book Number 9781478909743
020 ## - INTERNATIONAL STANDARD BOOK NUMBER
International Standard Book Number 1478909749
028 02 - PUBLISHER NUMBER
Publisher number 2-X0974
Source Hachette Audio
035 ## - SYSTEM CONTROL NUMBER
System control number (OCoLC)ocn959269135
038 ## - RECORD CONTENT LICENSOR
Staff Name waseem
040 ## - CATALOGING SOURCE
Original cataloging agency AU@
Language of cataloging eng
Transcribing agency AU@
Description conventions rda
Modifying agency OCLCO
-- OCLCF
-- OCLCO
-- DLC
042 ## - AUTHENTICATION CODE
Authentication code lccopycat
050 00 - LIBRARY OF CONGRESS CALL NUMBER
Classification number SDC 76730
082 04 - DEWEY DECIMAL CLASSIFICATION NUMBER
Classification number 813.54
Author Mark BAL
100 1# - MAIN ENTRY--PERSONAL NAME
Personal name Baldacci, David,
Relator term author.
9 (RLIN) 6689
245 14 - TITLE STATEMENT
Title The guilty /
Statement of responsibility, etc. David Baldacci.
264 #4 - PRODUCTION, PUBLICATION, DISTRIBUTION, MANUFACTURE, AND COPYRIGHT NOTICE
Date of production, publication, distribution, manufacture, or copyright notice ℗2015.
264 #1 - PRODUCTION, PUBLICATION, DISTRIBUTION, MANUFACTURE, AND COPYRIGHT NOTICE
Place of production, publication, distribution, manufacture New York, NY
Name of producer, publisher, distributor, manufacturer Hachette Audio,
Date of production, publication, distribution, manufacture, or copyright notice [2016]
264 #4 - PRODUCTION, PUBLICATION, DISTRIBUTION, MANUFACTURE, AND COPYRIGHT NOTICE
Date of production, publication, distribution, manufacture, or copyright notice ©2015.
300 ## - PHYSICAL DESCRIPTION
Extent 7 compact discs (approximately 8 hr.) :
Other physical details digital ;
Dimensions 4 3/4 in.
306 ## - PLAYING TIME
Playing time 080000
336 ## - CONTENT TYPE
Content type term spoken word
Content type code spw
Source rdacontent
337 ## - MEDIA TYPE
Media type term audio
Media type code s
Source rdamedia
338 ## - CARRIER TYPE
Carrier type term audio disc
Carrier type code sd
Source rdacarrier
490 1# - SERIES STATEMENT
Series statement Will Robie series
500 ## - GENERAL NOTE
General note Unabridged.
500 ## - GENERAL NOTE
General note Compact discs.
511 0# - PARTICIPANT OR PERFORMER NOTE
Participant or performer note Read by Kyf Brewer and Orlagh Cassidy.
520 ## - SUMMARY, ETC.
Summary, etc. The small, remote Bayou town hasn't changed and its residents remember Will Robie as a wild sports star and girl magnet. He left a lot of hearts broken, and a lot of people angry. Will and his father, Dan, are estranged, and his mother left years ago. When he visits Dan in jail, he finds that time hasn't healed old wounds. There's too much bad blood between the men, and although Will feels no good will come of staying around, he is persuaded to confront his demons by fellow agent Jessica Reel.
563 ## - BINDING INFORMATION
Binding note PBK
650 #0 - SUBJECT ADDED ENTRY--TOPICAL TERM
Topical term or geographic name entry element Assassins
Form subdivision Fiction.
9 (RLIN) 6690
650 #0 - SUBJECT ADDED ENTRY--TOPICAL TERM
Topical term or geographic name entry element Murder
General subdivision Investigation
Form subdivision Fiction.
9 (RLIN) 8002
650 #0 - SUBJECT ADDED ENTRY--TOPICAL TERM
Topical term or geographic name entry element Adult children
Form subdivision Fiction.
9 (RLIN) 22538
650 #0 - SUBJECT ADDED ENTRY--TOPICAL TERM
Topical term or geographic name entry element Fathers and sons
Form subdivision Fiction.
9 (RLIN) 8008
650 #7 - SUBJECT ADDED ENTRY--TOPICAL TERM
Topical term or geographic name entry element Assassins.
Source of heading or term fast
Authority record control number or standard number (OCoLC)fst00818974
9 (RLIN) 22539
650 #7 - SUBJECT ADDED ENTRY--TOPICAL TERM
Topical term or geographic name entry element Murder
General subdivision Investigation.
Source of heading or term fast
Authority record control number or standard number (OCoLC)fst01029788
9 (RLIN) 22540
651 #0 - SUBJECT ADDED ENTRY--GEOGRAPHIC NAME
Geographic name Mississippi
Form subdivision Fiction.
9 (RLIN) 11060
655 #7 - INDEX TERM--GENRE/FORM
Genre/form data or focus term Detective and mystery fiction.
Source of term lcgft
9 (RLIN) 22541
655 #7 - INDEX TERM--GENRE/FORM
Genre/form data or focus term Thrillers (Fiction)
Source of term lcgft
9 (RLIN) 22542
655 #7 - INDEX TERM--GENRE/FORM
Genre/form data or focus term Audiobooks.
Source of term lcgft
9 (RLIN) 22543
655 #7 - INDEX TERM--GENRE/FORM
Genre/form data or focus term Audiobooks.
Source of term fast
Authority record control number (OCoLC)fst01726208
9 (RLIN) 22543
655 #7 - INDEX TERM--GENRE/FORM
Genre/form data or focus term Detective and mystery fiction.
Source of term fast
Authority record control number (OCoLC)fst01726581
9 (RLIN) 22541
655 #7 - INDEX TERM--GENRE/FORM
Genre/form data or focus term Fiction.
Source of term fast
Authority record control number (OCoLC)fst01423787
9 (RLIN) 14229
655 #7 - INDEX TERM--GENRE/FORM
Genre/form data or focus term Suspense fiction.
Source of term fast
Authority record control number (OCoLC)fst01726755
9 (RLIN) 4577
700 1# - ADDED ENTRY--PERSONAL NAME
Personal name Brewer, Kyf,
Relator term narrator.
9 (RLIN) 22544
700 1# - ADDED ENTRY--PERSONAL NAME
Personal name Cassidy, Orlagh,
Relator term narrator.
9 (RLIN) 22666
800 1# - SERIES ADDED ENTRY--PERSONAL NAME
Personal name Baldacci, David.
Title of a work Will Robie series.
9 (RLIN) 22546
906 ## - LOCAL DATA ELEMENT F, LDF (RLIN)
a 7
b cbc
c copycat
d 2
e ncip
f 20
g y-soundrec
942 ## - ADDED ENTRY ELEMENTS (KOHA)
Source of classification or shelving scheme
Koha item type Book
Holdings
Withdrawn status Lost status Source of classification or shelving scheme Damaged status Not for loan Permanent Location Current Location Shelving location Date acquired Source of acquisition Total Checkouts Full call number Barcode Date last seen Date last checked out Price effective from Koha item type
          Central Library (CL) Central Library (CL) Fiction 10/03/2019 Donation 2 813.54 BAL CL-D-599 09/26/2023 08/21/2023 10/03/2019 Book
© 2023 Central Library, National University of Sciences and Technology. All Rights Reserved.